000 005550000a22002050004500
001 2040
003 CO-MdFUSB
005 20170515154141.0
008 170515b xxu||||| |||| 00| 0 eng d
020 _a958-04-8705-7
040 _cCO-MdBIC
082 0 4 _a863C D632c
100 1 _aMartínez Villalba, Adriana
110 1 _aWalt Disney pictures
245 1 0 _aLa cenicienta / Adriana Martínez Villalba ; Diseño Wilson Giral Tibaquirá
260 _aBogotá : Grupo Editorial Norma
300 _a24 P.
650 1 4 _aCuentos Clasicos
942 _cLGB
999 _c49190
_d49190